01472cam a22003374i 4500001000700000003000900007005001700016008004100033017005100074020002200125040003300147080002600180080003600206080002800242080003400270100003200304245017500336250003000511264005400541300006200595336002200657337003000679338002400709490004100733504004900774650007300823650003100896651006500927651007300992852006901065197929ES-MaACL20251203063036.0251031e202507 sp a |||||001 0cspa d aSE 1221-2025bOficina Depósito Legal Sevilla a979-13-87552-93-0 aES-MaACLbspacES-MaACLerda a070.42-055.2"1936/39" a 070.423:355.01(460)"1936/1939" a94(460)"1936/39"(0:070) a94(460)"1936/39":316.654(100)1 aDíaz Nosty, Bernardoeaut10aLo contaron al mundo :bperiodistas extranjeras en la guerra civil : periodistas, fotoperiodistas, colaboradoras de prensa y autoras de memorias / cBernardo Díaz Nosty a3ª edición, julio 2025 1aSevilla :bEditorial Renacimiento,cjulio de 2025 a912 páginas : bilustraciones (blanco y negro) ;c24 cm 2rdacontentatexto 2rdamediaasin mediación 2rdacarrieravolumen0 aLos cuatro vientos. Serie mayor ;v7 aBibliografía: páginas 888-900. Índices 0aCorresponsales de guerra-2embnezEspaña-y1936-1939, Guerra civil 4aMujeres periodistas2embne 4aEspaña-xHistoria-y1936-1939, Guerra civil-xEn la prensa 4aEspaña-xHistoria-y1936-1939, Guerra civil-xOpinión extranjera aES-MaACLcDEPO1jA-15834xEncuadernación rústica con solapas